000 00743cpcaa2200217 4500
001 mm 83022848
003 DLC
005 20260227111719.0
008 830304|||||||||||| eng
010 _amm 83022848
040 _aDLC
_cDLC
_edacs
_dDLC
072 7 _aN
_2lcmd
100 1 _aCarr, Dabney,
_d1773-1837.
245 0 0 _aLetters to Peachy R. Gilmer,
_f1801-1836.
300 _a1
_fitem.
506 0 _aOpen to research.
520 8 _aVolume containing letter to Peachy R. Gilmer.
546 _aCollection material in English.
600 1 0 _aGilmer, Peachy R.
_q(Peachy Ridgway),
_d1779-1836
_vCorrespondence.
999 _c43945
_d43945